Ortodoncia y ortopedia con aparatos funcionales (Registro nro. 7031)

Detalles MARC
000 -Cabecera
Campo de control de longitud fija 00873aam a2200325 4500
005 - Fecha y hora de la última transacción
Campo de control 20251113153543.0
008 - Elementos de longitud fija--Información general
Campo de control de longitud fija 150730b2006 xxu||||| |||| 00| 0 spa d
020 ## - International Standard Book Number
Número Internacional Estándar del Libro (ISBN) 9788460995494
041 ## - Idioma
Código de idioma Español
082 ## - Clasificación Decimal Dewey
Número de clasificación 617.643 A411o
100 ## - Entrada principal--Autor personal
Nombre personal Alió Sanz, Juan J.
245 ## - Título propiamente dicho
Título Ortodoncia y ortopedia con aparatos funcionales
260 ## - Pie de imprenta
Lugar de publicación, distribución, etc. España
260 ## - Pie de imprenta
Nombre del editor, distribuidor, etc. Ripano
260 ## - Pie de imprenta
Fecha de publicación, distribución, etc. 2006
300 ## - Descripción física
Extensión 234 páginas
300 ## - Descripción física
Otras características físicas Ilustraciones a color
490 ## - Serie
Título de la Serie Mecánica Dental
650 ## - Materia general
Temática (materia general) ORTODONCIA
650 ## - Materia general
Temática (materia general) ORTOPEDIA
650 ## - Materia general
Temática (materia general) APARATOS FUNCIONALES
650 ## - Materia general
Temática (materia general) ARTICULACIÓN TEMPOROMANDIBULAR
650 ## - Materia general
Temática (materia general) BIONATOR
650 ## - Materia general
Temática (materia general) MORDIDA
650 ## - Materia general
Temática (materia general) MODELADOR ELÁSTICOS DE BIMLER
650 ## - Materia general
Temática (materia general) APARATO DE HERBST
650 ## - Materia general
Temática (materia general) APARATOS FUNCIONALES COMBINADOS
650 ## - Materia general
Temática (materia general) REGULADOR DE FUNCIÓN DE FRANREL
942 ## - Punto de acceso adicional KOHA
Tipo de ítem KOHA Libro
Fuente del sistema de clasificación o colocación Dewey Decimal Classification
Existencias
Signatura completa Código de barras Programa Académico Tipo de ítem
617.643 A411o 12236 Mecánica Dental Libro